Product management: (Record no. 27928)

MARC details
000 -LEADER
fixed length control field 00840nam a22002295a 4500
005 - DATE AND TIME OF LATEST TRANSACTION
control field 20090627115024.0
008 - FIXED-LENGTH DATA ELEMENTS--GENERAL INFORMATION
fixed length control field 090114s2009 wau 000 0 eng
010 ## - LCCN (DPL NO)
LC control number ENG-94260
020 ## - INTERNATIONAL STANDARD BOOK NUMBER
International Standard Book Number 9788120337251
Terms of availability 175.00
035 ## - SYSTEM CONTROL NUMBER
System control number EN-77793
037 ## - SOURCE OF ACQUISITION
Source of stock number/acquisition DBAD / PUB
040 ## - CATALOGING SOURCE
Original cataloging agency dpl
Language of cataloging English
082 ## - DEWEY DECIMAL CLASSIFICATION NUMBER
Classification number 658.5
100 ## - MAIN ENTRY--PERSONAL NAME
Personal name Mukerjee, Kaushik
245 ## - TITLE STATEMENT
Title Product management:
Statement of responsibility, etc by Kaushik Mukerjee
Remainder of title text and cases /
260 ## - PUBLICATION, DISTRIBUTION, ETC. (IMPRINT)
Place of publication, distribution, etc New Delhi
Name of publisher, distributor, etc PHI Learning
Date of publication, distribution, etc 2009
270 ## - ADDRESS
Address M-97 Connaught Circus
City New Delhi
Postal code 110001
300 ## - PHYSICAL DESCRIPTION
Extent xiii, 198p.:
Dimensions 25cm(pbk)
Other physical details b&w photos
500 ## - GENERAL NOTE
General note Includes index
942 ## - ADDED ENTRY ELEMENTS (KOHA)
Source of classification or shelving scheme Dewey Decimal Classification
Item type English Books
Call number suffix MUK
Classification part 658.5
Holdings
Withdrawn status Lost status Source of classification or shelving scheme Damaged status Not for loan Collection code Home library Current library Date acquired Source of acquisition Cost, normal purchase price Total Checkouts Full call number Barcode Date last seen Copy number Cost, replacement price Koha item type
    Dewey Decimal Classification   Not For Loan Non-fiction D.B.Act.Division D.B.Act.Division 27/06/2009 DBAD / PUB 175.00   658.5 MUK EN-77793 27/06/2009 1 175.00 English Books

© Delhi Public Library
Hit Counter
free hit counter